| 000 | 00372nam a2200133Ia 4500 | ||
|---|---|---|---|
| 008 | 151213s9999 xx 000 0 und d | ||
| 100 | _aEnglish Depertment (BUBT) | ||
| 245 |
_aStudy Package Eng-101 English Fundamentals _cEnglish Depertment (BUBT) |
||
| 300 | _a3211 p. | ||
| 650 | _aEnglish | ||
| 650 | _aEnglish | ||
| 700 | _aEnglish Depertment (BUBT) | ||
| 999 |
_c2216 _d2216 |
||